El problema de la democracia

-д хадгалсан:
Номзүйн дэлгэрэнгүй
Үндсэн зохиолч: Poradowski, Miguel (Зохиогч)
Формат: Ном
Хэл сонгох:испани
Хэвлэсэн: Santiago XIMPAUSER 1988
Нөхцлүүд:
Шошгууд: Шошго нэмэх
Шошго байхгүй, Энэхүү баримтыг шошголох эхний хүн болох!

MARC

LEADER 00000nam a2200000 a 4500
001 UCY0992
003 CL-VaPUC
008 940819e19880000CL |||||||||||||||||spa|d
082 0 4 |a 321.8  |b POR  |2 21 
100 0 |a Poradowski, Miguel  |e author  |9 328854 
245 1 3 |a El problema de la democracia 
300 |a 20 p 
942 |c BK 
945 |d 19940819 00:00:00  |a aalvarez 
260 |a Santiago  |b XIMPAUSER  |c 1988 
650 0 |a Democracia  |9 255256 
583 |a last modification  |c 19940819 00:00:00  |k Rodrigo Vera 
999 |c 229832  |d 229830 
952 |0 0  |1 0  |4 0  |6 321_800000000000000_POR_1988  |7 0  |8 A  |9 231518  |a BIBHIS  |b BIBHIS  |d 2019-11-15  |i 3007200  |o 321.8 POR 1988  |p 3007200  |r 2025-01-20  |w 2019-11-15  |y BK  |k HIS 
952 |0 0  |1 0  |4 0  |6 321_800000000000000_POR_1988  |7 0  |8 A  |9 231519  |a BIBHIS  |b BIBHIS  |d 2019-11-15  |i 3007219  |o 321.8 POR 1988  |p 3007219  |r 2025-01-20  |w 2019-11-15  |y BK  |k HIS